Chimie : (Record no. 56025)
[ view plain ]
| 000 -LEADER | |
|---|---|
| fixed length control field | 00623nam a22002297a 4500 |
| 005 - DATE AND TIME OF LATEST TRANSACTION | |
| control field | 20171012135614.0 |
| 007 - PHYSICAL DESCRIPTION FIXED FIELD--GENERAL INFORMATION | |
| fixed length control field | 00 |
| 008 - FIXED-LENGTH DATA ELEMENTS--GENERAL INFORMATION | |
| fixed length control field | 170228b xxu||||| |||| 00| 0 eng d |
| 020 ## - INTERNATIONAL STANDARD BOOK NUMBER | |
| International Standard Book Number | 978-2-7430-1134-5 |
| 040 ## - CATALOGING SOURCE | |
| Original cataloging agency | BUAC |
| Transcribing agency | BUC |
| 041 ## - LANGUAGE CODE | |
| Language code of text/sound track or separate title | Fre. |
| 100 ## - MAIN ENTRY--PERSONAL NAME | |
| Personal name | GRECIAS, Pierre |
| 245 ## - TITLE STATEMENT | |
| Title | Chimie : |
| Statement of responsibility, etc | / par GRECIAS, Pierre: |
| Remainder of title | 2de année : PSI PSI* |
| 250 ## - EDITION STATEMENT | |
| Edition statement | Nouvelle édition |
| 260 ## - PUBLICATION, DISTRIBUTION, ETC. (IMPRINT) | |
| Place of publication, distribution, etc | Paris : |
| Name of publisher, distributor, etc | Lavoisier , |
| Date of publication, distribution, etc | 2009. |
| 300 ## - PHYSICAL DESCRIPTION | |
| Extent | 447 p. |
| Dimensions | 27 cm. |
| Other physical details | couv. en coul. ; |
| 440 ## - SERIES STATEMENT/ADDED ENTRY--TITLE | |
| Title | ( Référence Prépas) |
| 9 (RLIN) | 80 |
| 500 ## - GENERAL NOTE | |
| General note | Index : pp. (445-447) |
| 630 ## - SUBJECT ADDED ENTRY--UNIFORM TITLE | |
| Uniform title | SCIENCES PURES |
| 650 ## - SUBJECT ADDED ENTRY--TOPICAL TERM | |
| Topical term or geographic name as entry element | CHIMIE |
| 942 ## - ADDED ENTRY ELEMENTS (KOHA) | |
| Item type | Libre Accès |
| Withdrawn status | Lost status | Damaged status | Not for loan | Location (home branch) | Sublocation or collection (holding branch) | Shelving location | Date acquired | Source of acquisition | Coded location qualifier | Koha issues (times borrowed) | Koha full call number | Piece designation (barcode) | Koha date last seen | Copy number | Price effective from | Koha item type |
|---|---|---|---|---|---|---|---|---|---|---|---|---|---|---|---|---|
| Bibliothèque Universitaire Centrale | Bibliothèque Universitaire Centrale | 28/10/2016 | Don ABAR | 16/1368 | 54 GRE | 16-1368Buc | 28/02/2017 | 1 | 28/02/2017 | Libre Accès | ||||||
| Bibliothèque Universitaire Centrale | Bibliothèque Universitaire Centrale | 28/10/2016 | Don ABAR | 16/1369 | 54 GRE | 16-1369Buc | 28/02/2017 | 2 | 28/02/2017 | Libre Accès | ||||||
| Bibliothèque Universitaire Centrale | Bibliothèque Universitaire Centrale | 13/09/2017 | Don ABAR | 16/1892 | 54O GRE | 16-1892BUC | 13/09/2017 | 3 | 28/02/2017 | Libre Accès | ||||||
| Bibliothèque Universitaire Centrale | Bibliothèque Universitaire Centrale | 13/09/2017 | Don ABAR | 16/1891 | 54O GRE | 16-1891BUC | 13/09/2017 | 4 | 28/02/2017 | Libre Accès | ||||||
| Bibliothèque Universitaire Centrale | Bibliothèque Universitaire Centrale | 13/09/2017 | Don ABAR | 16/1893 | 54O GRE | 16-1893BUC | 13/09/2017 | 5 | 28/02/2017 | Libre Accès |